[Event "Tata Steel Top Tienkamp"]
[Site "Wijk aan Zee NED"]
[Date "2026.01.27"]
[Round "5.3"]
[White "Tudor, Henry Edward"]
[Black "Elgersma, Onno"]
[Result "1-0"]
[WhiteTitle "IM"]
[BlackTitle "FM"]
[WhiteElo "2434"]
[BlackElo "2369"]
[WhiteFideId "2409836"]
[BlackFideId "1053531"]
[EventDate "2026.01.23"]

1. d4 d5 2. c4 e6 3. Nc3 Nf6 4. Nf3 Nc6 5. Bg5 dxc4 6. e4 h6 7. Bxf6 Qxf6 8.
Bxc4 g5 9. Bb5 Bg7 10. Ne5 O-O 11. Bxc6 bxc6 12. Nxc6 Re8 13. Rc1 Bb7 14. Ne2
Qg6 15. f3 g4 16. Kf2 Qh5 17. Rc5 Qh4+ 18. g3 Qf6 19. f4 Qg6 20. Qc2 Rad8 21.
Ke3 Rd6 22. Ne5 Bxe5 23. fxe5 Rb6 24. Nf4 Qg5 25. Rxc7 Rd8 26. b3 Rb4 27. Rd1 a5
28. Qc5 Ra8 29. Rc1 Rd8 30. Rc4 Rxc4 31. Qxc4 Bxe4 32. Kxe4 Qf5+ 33. Ke3 Qb1 34.
Ne2 Qh1 35. Rc8 1-0

[Event "Tata Steel Top Tienkamp"]
[Site "Wijk aan Zee NED"]
[Date "2026.01.27"]
[Round "5.4"]
[White "Beukema, Stefan"]
[Black "Baselmans, Luuk"]
[Result "1/2-1/2"]
[WhiteTitle "IM"]
[BlackTitle "FM"]
[WhiteElo "2394"]
[BlackElo "2406"]
[WhiteFideId "1024523"]
[BlackFideId "1051008"]
[EventDate "2026.01.23"]

1. c4 Nf6 2. g3 e6 3. Bg2 d5 4. Nf3 Be7 5. O-O O-O 6. b3 d4 7. e3 c5 8. Ne5 Qc7
9. f4 Nfd7 10. exd4 cxd4 11. Nd3 Nc6 12. Ba3 Qd8 13. b4 a5 14. b5 Nb4 15. Ne1 d3
16. Bb2 Nb6 17. Na3 Bf6 18. Bc3 Qe7 19. Qb3 Rd8 20. Rc1 Nd7 21. Bxf6 Qxf6 22.
Nxd3 Qd4+ 23. Nf2 Nc5 24. Qb1 e5 25. Nc2 Nxc2 26. Qxc2 exf4 27. gxf4 Bg4 28.
Rce1 g6 29. Re5 Rac8 30. Qc3 Qxc3 31. dxc3 Be6 32. Ne4 Nd3 33. Rxe6 fxe6 34. Bh3
Nc5 35. Nxc5 Rxc5 36. Bxe6+ Kg7 37. Bd5 Re8 38. b6 Kf6 39. Rb1 Rd8 40. Kf2 Rdxd5
41. cxd5 Rxc3 1/2-1/2

[Event "Tata Steel Top Tienkamp"]
[Site "Wijk aan Zee NED"]
[Date "2026.01.27"]
[Round "5.5"]
[White "Carow, Johannes"]
[Black "Grutter, Tim"]
[Result "0-1"]
[WhiteTitle "IM"]
[BlackTitle "IM"]
[WhiteElo "2469"]
[BlackElo "2399"]
[WhiteFideId "24692050"]
[BlackFideId "1057472"]
[EventDate "2026.01.23"]

1. Nf3 Nf6 2. c4 c5 3. g3 Nc6 4. Bg2 d5 5. cxd5 Nxd5 6. Nc3 Nc7 7. a3 g6 8. h4
Bg4 9. Qb3 Bg7 10. Qxb7 Bd7 11. Qb3 Rb8 12. Qc2 Ne6 13. e3 c4 14. Ne4 Na5 15. h5
O-O 16. hxg6 hxg6 17. Neg5 Nc5 18. Bf1 Ba4 19. Qb1 Bb3 20. Be2 Nd3+ 21. Kf1 Qd5
22. Rh2 Rfc8 23. Nh3 e5 24. Ne1 e4 25. Nf4 Qd7 26. f3 Ba4 27. Bxd3 cxd3 28. b4
Rxc1 0-1

[Event "Tata Steel Top Tienkamp"]
[Site "Wijk aan Zee NED"]
[Date "2026.01.28"]
[Round "6.1"]
[White "Tudor, Henry Edward"]
[Black "Beukema, Stefan"]
[Result "1/2-1/2"]
[WhiteTitle "IM"]
[BlackTitle "IM"]
[WhiteElo "2434"]
[BlackElo "2394"]
[WhiteFideId "2409836"]
[BlackFideId "1024523"]
[EventDate "2026.01.23"]

1. d4 d5 2. c4 c6 3. cxd5 cxd5 4. Nc3 Nf6 5. Bf4 Nc6 6. e3 a6 7. Rc1 Bf5 8. Nf3
Rc8 9. Be2 e6 10. O-O Bd6 11. Bxd6 Qxd6 12. Na4 O-O 13. Qb3 Rc7 14. Nc5 Qe7 15.
Rc3 Bg4 16. h3 Bxf3 17. Bxf3 e5 18. Qa4 exd4 19. exd4 Na7 20. Re3 Qd8 21. Be2
Re8 22. Qb3 Ree7 23. Re1 Nc6 24. Qb6 Nxd4 25. Bf1 Rxe3 26. Rxe3 Nf5 27. Nxb7 Qc8
28. Nd6 Nxd6 29. Qxd6 Rc1 30. Rc3 Rxc3 31. bxc3 h6 32. Bd3 a5 33. Qb6 a4 34. Qb4
g6 35. a3 Ne4 36. c4 Qc5 37. Qb8+ Kh7 38. Qf4 Nd6 39. cxd5 Qxa3 40. Bc2 Qc5 41.
Bxa4 Qxd5 42. Bb3 Qxb3 1/2-1/2

[Event "Tata Steel Top Tienkamp"]
[Site "Wijk aan Zee NED"]
[Date "2026.01.28"]
[Round "6.2"]
[White "Baselmans, Luuk"]
[Black "Carow, Johannes"]
[Result "0-1"]
[WhiteTitle "FM"]
[BlackTitle "IM"]
[WhiteElo "2406"]
[BlackElo "2469"]
[WhiteFideId "1051008"]
[BlackFideId "24692050"]
[EventDate "2026.01.23"]

1. e4 c6 2. d4 d5 3. e5 Bf5 4. h4 a6 5. g4 Bd7 6. Nc3 c5 7. dxc5 e6 8. Be3 Qc7
9. Nf3 Bxc5 10. Bxc5 Qxc5 11. h5 Nc6 12. Qd2 f6 13. exf6 Nxf6 14. h6 g6 15. Bh3
d4 16. Ne2 e5 17. O-O O-O 18. Ng3 Bxg4 19. Bxg4 Nxg4 20. Ng5 Qd5 21. f3 Ne3 22.
Rf2 Rae8 23. N3e4 Rf5 24. Re1 Qd8 25. Rg2 Nxg2 26. Qxg2 Nb4 27. f4 Nd5 28. Ng3
Rxf4 29. Nh3 Rff8 30. Nh5 Ne3 0-1

[Event "Tata Steel Top Tienkamp"]
[Site "Wijk aan Zee NED"]
[Date "2026.01.28"]
[Round "6.3"]
[White "Grutter, Tim"]
[Black "Lohia, Sohum"]
[Result "0-1"]
[WhiteTitle "IM"]
[BlackTitle "IM"]
[WhiteElo "2399"]
[BlackElo "2410"]
[WhiteFideId "1057472"]
[BlackFideId "5819369"]
[EventDate "2026.01.23"]

1. Nf3 c5 2. e4 g6 3. c3 d5 4. exd5 Qxd5 5. d4 Bg7 6. Nbd2 cxd4 7. Bc4 Qd8 8.
Nxd4 Nf6 9. O-O O-O 10. N2f3 Qc7 11. Qe2 a6 12. a4 Nbd7 13. Ng5 Nb6 14. Bb3 Nbd5
15. Re1 e6 16. Ne4 b6 17. Bg5 Bb7 18. Bc2 Nxe4 19. Bxe4 h6 20. Bd2 e5 21. Nf3
Rfe8 22. c4 Nf4 23. Bxf4 exf4 24. Qc2 Bxe4 25. Rxe4 Rxe4 26. Qxe4 Rc8 27. Rc1
Bxb2 28. Rc2 Bg7 29. h3 Qd7 30. c5 bxc5 31. Kh2 Qc6 32. Qc4 Qe6 33. Qxf4 c4 34.
Qe3 Qc6 35. a5 c3 36. Ne1 Re8 37. Qc1 Qc7+ 38. g3 Qxa5 39. Ng2 Rd8 40. Ne3 Qc5
41. Qa1 Rd2 42. Rxd2 cxd2 43. Qa4 Qb5 44. Qc2 Qd7 45. Kg2 a5 46. Kf3 a4 47. Ke2
a3 48. Qb3 d1=B+ 49. Nxd1 Qe6+ 0-1

[Event "Tata Steel Top Tienkamp"]
[Site "Wijk aan Zee NED"]
[Date "2026.01.28"]
[Round "6.4"]
[White "Elgersma, Onno"]
[Black "Van Foreest, Machteld"]
[Result "1-0"]
[WhiteTitle "FM"]
[BlackTitle "FM"]
[WhiteElo "2369"]
[BlackElo "2330"]
[WhiteFideId "1053531"]
[BlackFideId "1051563"]
[EventDate "2026.01.23"]

1. d4 Nf6 2. c4 g6 3. Nf3 Bg7 4. e3 O-O 5. Be2 d6 6. Nc3 Re8 7. O-O a5 8. a3 Nc6
9. d5 Nb8 10. e4 Na6 11. Be3 e6 12. Qc2 Qe7 13. Nd2 exd5 14. cxd5 Ng4 15. Bxg4
Bxg4 16. Nc4 b6 17. Rae1 Bd7 18. Kh1 a4 19. f4 b5 20. Nd2 Rab8 21. Ne2 f5 22.
Ng3 Qf6 23. Ba7 Rb7 24. e5 dxe5 25. fxe5 Rxe5 26. Bd4 Rxe1 27. Bxf6 Rxf1+ 28.
Ngxf1 Bxf6 29. Ne3 Rb8 30. Nf3 Kg7 31. d6 c6 32. h4 Re8 33. Nd1 Re6 34. Nf2 Rxd6
35. Nh3 c5 36. h5 c4 37. Qc1 Nc5 38. h6+ Kg8 39. Nhg5 Nd3 40. Qe3 f4 41. Qa7 Be7
42. Qb8+ Bf8 43. Nxh7 1-0

[Event "Tata Steel Top Tienkamp"]
[Site "Wijk aan Zee NED"]
[Date "2026.01.28"]
[Round "6.5"]
[White "Gloeckler, Christian"]
[Black "Hrbek, Stepan"]
[Result "1-0"]
[WhiteTitle "IM"]
[BlackTitle "IM"]
[WhiteElo "2444"]
[BlackElo "2454"]
[WhiteFideId "34608966"]
[BlackFideId "393479"]
[EventDate "2026.01.23"]

1. e4 e5 2. Nf3 Nc6 3. Bc4 Nf6 4. Ng5 d5 5. exd5 Na5 6. Bb5+ c6 7. dxc6 bxc6 8.
Qf3 Be7 9. Bd3 O-O 10. Nc3 Rb8 11. Bf5 Bxf5 12. Qxf5 g6 13. Qf3 Nd5 14. Nh3 f5
15. d3 Nb4 16. Qd1 c5 17. O-O c4 18. a3 Nxc2 19. Qxc2 Nb3 20. dxc4 Nxa1 21. Qe2
Nb3 22. Bh6 Re8 23. Nd5 Bf6 24. Rd1 Bg7 25. Bg5 Nd4 26. Qd3 Qd6 27. b4 Rbc8 28.
Be3 Qc6 29. Rc1 a6 30. Qd1 Qb7 31. Bxd4 exd4 32. Nhf4 Qf7 33. Nd3 Rc6 34. h3 g5
35. Qf3 Kh8 36. g4 Rec8 37. c5 f4 38. Nb6 R8c7 39. Re1 Bf6 40. Qd5 Kg7 41. Qxf7+
Kxf7 42. Nc4 Re6 43. Rc1 Ke7 44. a4 Rb7 45. Na5 Rb8 46. c6 Kd6 47. Nc5 Re2 48.
Kf1 Rbe8 49. c7 f3 50. Nab3 d3 51. Nxd3 Rc8 52. Ndc5 Rxc7 53. Rd1+ Ke7 54. Rd3
Rc6 55. Rxf3 Rc2 56. Rd3 Rb6 57. Re3+ Kf7 58. Re4 Bc3 59. Nd3 Rd6 60. Re3 Bd4
61. Rf3+ Kg7 62. a5 Rc3 63. Nxd4 Rxd4 64. Ke2 Re4+ 65. Kd2 Rcc4 66. Rf5 h6 67.
Rd5 Re6 68. Rc5 Ree4 69. Rd5 Re6 70. f3 Rf6 71. Ke3 Re6+ 72. Kd2 Rf6 73. Rc5
Rxc5 74. Nxc5 Kf7 75. Ke3 Ke7 76. Ne4 Rf8 77. Nc5 Rf6 78. Ne4 Rc6 79. Kd4 Ke6
80. Nc5+ Kd6 81. Ke4 Kc7 82. f4 gxf4 83. Kxf4 Rd6 84. Ke4 Kb8 85. h4 Kc7 86. Ke5
Kc6 87. Nxa6 Rd5+ 88. Ke4 Rb5 89. Kd4 h5 90. g5 Rd5+ 91. Ke4 Rd1 92. Kf5 Rd4 93.
Nc5 Rxh4 94. Ne4 Rh1 95. g6 Rg1 96. Nf6 h4 97. Ke4 1-0

[Event "Tata Steel Top Tienkamp"]
[Site "Wijk aan Zee NED"]
[Date "2026.01.30"]
[Round "7.1"]
[White "Van Foreest, Machteld"]
[Black "Gloeckler, Christian"]
[Result "1/2-1/2"]
[WhiteTitle "FM"]
[BlackTitle "IM"]
[WhiteElo "2330"]
[BlackElo "2444"]
[WhiteFideId "1051563"]
[BlackFideId "34608966"]
[EventDate "2026.01.23"]

1. e4 c5 2. Nf3 d6 3. d4 cxd4 4. Nxd4 Nf6 5. Nc3 a6 6. Be3 e5 7. Nb3 Be7 8. f3
Be6 9. Qd2 O-O 10. a3 Nbd7 11. g4 b5 12. g5 Nh5 13. O-O-O Rc8 14. Kb1 Nb6 15.
Na5 g6 16. h4 Ng3 17. Rg1 Nxf1 18. Rgxf1 Nc4 19. Nxc4 Rxc4 20. Nd5 Bxd5 21. Qxd5
Qa8 22. Qxa8 Rxa8 23. Rf2 Rd8 24. h5 Kf8 25. b3 Rc3 26. Bd2 Rc6 27. f4 exf4 28.
hxg6 hxg6 29. Bxf4 Ke8 30. Bc1 Rc5 31. Rdf1 Re5 32. Rxf7 Rxe4 33. Bb2 Re6 34.
Rg7 Bxg5 35. Rg1 Be7 1/2-1/2

[Event "Tata Steel Top Tienkamp"]
[Site "Wijk aan Zee NED"]
[Date "2026.01.30"]
[Round "7.2"]
[White "Beukema, Stefan"]
[Black "Elgersma, Onno"]
[Result "0-1"]
[WhiteTitle "IM"]
[BlackTitle "FM"]
[WhiteElo "2394"]
[BlackElo "2369"]
[WhiteFideId "1024523"]
[BlackFideId "1053531"]
[EventDate "2026.01.23"]

1. f4 d5 2. Nf3 c5 3. g3 g6 4. Bg2 Bg7 5. O-O Nh6 6. d3 d4 7. c3 O-O 8. e4 dxe3
9. Bxe3 Qc7 10. Qe2 Nd7 11. a4 Nf6 12. Na3 Be6 13. Ng5 Bg4 14. Qf2 Bf5 15. h3
Bxd3 16. Rfd1 Rad8 17. Bxc5 Nfg4 18. hxg4 Nxg4 19. Rxd3 Nxf2 20. Rxd8 Nh3+ 21.
Kh2 Rxd8 22. Ne4 Nxf4 23. Nb5 Qe5 24. gxf4 Qxf4+ 25. Kg1 Be5 26. Bxa7 h5 27. Nf2
Rd7 28. Nd4 h4 29. Nf3 Bf6 30. a5 g5 31. Nh2 Rd2 32. Bxb7 Rxb2 33. Bg2 Bxc3 34.
a6 Bd4 35. Bxd4 Qxd4 36. Rf1 Ra2 37. Bb7 Kg7 38. Nf3 Qe3 39. Bd5 Rxa6 40. Re1
Qf4 41. Rxe7 Ra1+ 42. Ne1 Qd6 0-1

[Event "Tata Steel Top Tienkamp"]
[Site "Wijk aan Zee NED"]
[Date "2026.01.30"]
[Round "7.3"]
[White "Lohia, Sohum"]
[Black "Baselmans, Luuk"]
[Result "1-0"]
[WhiteTitle "IM"]
[BlackTitle "FM"]
[WhiteElo "2410"]
[BlackElo "2406"]
[WhiteFideId "5819369"]
[BlackFideId "1051008"]
[EventDate "2026.01.23"]

1. d4 e6 2. Bf4 Nf6 3. e3 d5 4. Nf3 Bd6 5. Ne5 O-O 6. Nd2 c5 7. c3 Qc7 8. Bd3
Nbd7 9. Ndf3 cxd4 10. exd4 Ne4 11. Qc2 f5 12. Nxd7 Bxd7 13. Bxd6 Qxd6 14. Ne5
Be8 15. O-O Rf6 16. Rfe1 Rh6 17. f3 Nf6 18. Qd2 Rc8 19. Re2 b5 20. a3 a5 21.
Rae1 Nd7 22. Qf4 Nf6 23. Bb1 b4 24. axb4 axb4 25. Nd3 Qxf4 26. Nxf4 bxc3 27.
bxc3 Rxc3 28. Rxe6 Bf7 29. Rd6 g5 30. Ne2 Re3 31. Bxf5 Kg7 32. h3 Re7 33. Bd3
Bg6 34. Bxg6 Rxg6 35. Kf1 Rd7 36. Rxd7+ Nxd7 37. Nc3 Kf7 38. Ra1 Rd6 39. Ra7 Kg6
40. Ke2 h5 41. g4 Nf8 42. Ke3 Ne6 43. Ne2 Rb6 44. Ra3 Rb4 45. Ra6 Rb3+ 46. Kf2
Kf7 47. gxh5 Rb2 48. Ke1 Rb1+ 49. Kd2 Rb2+ 50. Kd3 Rb3+ 51. Nc3 Nf4+ 52. Kc2 Rb4
53. h6 Rxd4 54. Nb5 Rc4+ 55. Kd2 Kg8 56. Nd6 Rd4+ 57. Ke1 Rd3 58. Ra8+ Kh7 59.
Nf7 Re3+ 60. Kf2 Re2+ 61. Kf1 Re7 62. Rh8+ Kg6 63. Rg8+ Kxf7 64. h7 Ng6 65. Rxg6
Re8 66. Rxg5 Rh8 67. Rxd5 Ke6 68. Rh5 Kf6 69. Kf2 1-0

[Event "Tata Steel Top Tienkamp"]
[Site "Wijk aan Zee NED"]
[Date "2026.01.30"]
[Round "7.4"]
[White "Hrbek, Stepan"]
[Black "Grutter, Tim"]
[Result "1-0"]
[WhiteTitle "IM"]
[BlackTitle "IM"]
[WhiteElo "2454"]
[BlackElo "2399"]
[WhiteFideId "393479"]
[BlackFideId "1057472"]
[EventDate "2026.01.23"]

1. e4 e5 2. Nf3 Nc6 3. Bb5 a6 4. Ba4 Nf6 5. O-O Be7 6. d3 d6 7. c3 O-O 8. Re1
Re8 9. Nbd2 Bf8 10. h3 b5 11. Bc2 d5 12. d4 exd4 13. cxd4 Nb4 14. e5 Nxc2 15.
Qxc2 Nd7 16. Nb3 Nb6 17. Nc5 c6 18. Bg5 Qc7 19. Bf4 h6 20. Rac1 Be6 21. b3 a5
22. Re3 Nd7 23. Nxe6 Rxe6 24. Qf5 Ba3 25. Rc2 Nf8 26. Qd3 a4 27. Bg3 axb3 28.
axb3 Qd7 29. Nh4 Ng6 30. f4 Nxh4 31. Bxh4 Ree8 32. f5 Bf8 33. Rg3 Ra1+ 34. Kh2
Qa7 35. Bf6 Kh8 36. Qe3 gxf6 37. Qf4 Rh1+ 38. Kxh1 Qa1+ 39. Kh2 Qd1 40. Rxc6 1-0

[Event "Tata Steel Top Tienkamp"]
[Site "Wijk aan Zee NED"]
[Date "2026.01.30"]
[Round "7.5"]
[White "Carow, Johannes"]
[Black "Tudor, Henry Edward"]
[Result "0-1"]
[WhiteTitle "IM"]
[BlackTitle "IM"]
[WhiteElo "2469"]
[BlackElo "2434"]
[WhiteFideId "24692050"]
[BlackFideId "2409836"]
[EventDate "2026.01.23"]

1. Nf3 d5 2. e3 Nf6 3. c4 e6 4. b3 Nbd7 5. Bb2 b6 6. cxd5 exd5 7. Nc3 Bb7 8. Rc1
a6 9. Ne2 c5 10. d4 c4 11. bxc4 dxc4 12. Rxc4 b5 13. Rc1 Bb4+ 14. Bc3 Ba3 15.
Rb1 Rc8 16. Qb3 Qe7 17. Nf4 Bd6 18. Ne5 Ne4 19. Ba1 Nxe5 20. dxe5 Bb4+ 21. Ke2
Ba5 22. e6 O-O 23. Rd1 Qh4 24. Nd3 Bd5 0-1

[Event "Tata Steel Top Tienkamp"]
[Site "Wijk aan Zee NED"]
[Date "2026.01.31"]
[Round "8.1"]
[White "Grutter, Tim"]
[Black "Van Foreest, Machteld"]
[Result "1/2-1/2"]
[WhiteTitle "IM"]
[BlackTitle "FM"]
[WhiteElo "2399"]
[BlackElo "2330"]
[WhiteFideId "1057472"]
[BlackFideId "1051563"]
[EventDate "2026.01.23"]

1. e4 c6 2. Nf3 d5 3. Nc3 dxe4 4. Nxe4 Nf6 5. Qe2 Nxe4 6. Qxe4 Qd5 7. Qh4 Qf5 8.
Bc4 Be6 9. O-O Bxc4 10. Qxc4 Nd7 11. d4 e6 12. Qb3 Qb5 13. Qxb5 cxb5 14. d5 e5
15. Re1 f6 16. Nd4 a6 17. Ne6 Rc8 18. c3 Nc5 19. Nxc5 Bxc5 20. Be3 Kd7 21. a4 b4
22. Bd2 Kd6 23. c4 a5 24. b3 Rce8 25. Re2 Bd4 26. Rae1 Kc5 27. Be3 Bxe3 28. Rxe3
g5 29. Rf3 Rhf8 30. h4 g4 31. Rf5 b5 32. cxb5 Kxd5 33. f4 gxf3 34. gxf3 Rc8 35.
f4 Ke6 36. Rh5 Rg8+ 37. Kf2 Rc2+ 38. Re2 Rg2+ 39. Kxg2 Rxe2+ 40. Kf1 Re3 41. b6
Kd7 42. Rxh7+ Kc8 43. fxe5 fxe5 44. Re7 Rxb3 45. Rxe5 Ra3 46. Rxa5 b3 47. Kg2 b2
48. Rb5 Rxa4 49. b7+ Kb8 50. Kg3 Ra3+ 51. Kg4 Ra4+ 52. Kh3 Ra3+ 53. Kg2 Ra4 54.
h5 Rh4 55. Rxb2 Rxh5 56. Rf2 Kxb7 1/2-1/2

[Event "Tata Steel Top Tienkamp"]
[Site "Wijk aan Zee NED"]
[Date "2026.01.31"]
[Round "8.2"]
[White "Beukema, Stefan"]
[Black "Carow, Johannes"]
[Result "1/2-1/2"]
[WhiteTitle "IM"]
[BlackTitle "IM"]
[WhiteElo "2394"]
[BlackElo "2469"]
[WhiteFideId "1024523"]
[BlackFideId "24692050"]
[EventDate "2026.01.23"]

1. e4 c5 2. Nf3 e6 3. d4 cxd4 4. Nxd4 a6 5. c4 Nf6 6. Nc3 Qc7 7. Bd3 Nc6 8. Nxc6
dxc6 9. Be3 e5 10. Na4 b5 11. Nb6 Bb4+ 12. Ke2 Rb8 13. Nxc8 Qxc8 14. f3 O-O 15.
Qb3 Be7 16. cxb5 axb5 17. Rhc1 Rd8 1/2-1/2

[Event "Tata Steel Top Tienkamp"]
[Site "Wijk aan Zee NED"]
[Date "2026.01.31"]
[Round "8.3"]
[White "Baselmans, Luuk"]
[Black "Hrbek, Stepan"]
[Result "0-1"]
[WhiteTitle "FM"]
[BlackTitle "IM"]
[WhiteElo "2406"]
[BlackElo "2454"]
[WhiteFideId "1051008"]
[BlackFideId "393479"]
[EventDate "2026.01.23"]

1. e4 e5 2. Nf3 Nc6 3. Bb5 a6 4. Ba4 Nf6 5. O-O d6 6. d4 b5 7. Bb3 Nxd4 8. Nxd4
exd4 9. c3 dxc3 10. Nxc3 Be7 11. a4 Bb7 12. Nd5 O-O 13. Bf4 Re8 14. Re1 Nxd5 15.
Bxd5 c6 16. Bb3 Bf6 17. Qh5 g6 18. Qf3 c5 19. Rad1 c4 20. Bc2 Bxb2 21. Bxd6 Qf6
22. Qxf6 Bxf6 23. e5 Be7 24. Bxe7 Rxe7 25. Rb1 Bc6 26. f4 Rd8 27. axb5 axb5 28.
Be4 Bxe4 29. Rxe4 c3 30. Kf2 Rc7 31. Rc1 Rd2+ 32. Ke3 Rxg2 33. h4 Rg3+ 34. Kf2
Rh3 35. h5 Rxh5 36. Kg3 c2 0-1

[Event "Tata Steel Top Tienkamp"]
[Site "Wijk aan Zee NED"]
[Date "2026.01.31"]
[Round "8.4"]
[White "Elgersma, Onno"]
[Black "Gloeckler, Christian"]
[Result "0-1"]
[WhiteTitle "FM"]
[BlackTitle "IM"]
[WhiteElo "2369"]
[BlackElo "2444"]
[WhiteFideId "1053531"]
[BlackFideId "34608966"]
[EventDate "2026.01.23"]

1. c4 Nf6 2. g3 e6 3. Bg2 d5 4. Nf3 Be7 5. O-O O-O 6. d4 Nbd7 7. Qc2 a5 8. Bg5
c6 9. Nbd2 h6 10. Bxf6 Nxf6 11. Rad1 b6 12. e4 Bb7 13. e5 Ne8 14. cxd5 cxd5 15.
Rfe1 Nc7 16. h4 Qd7 17. Nf1 Rfc8 18. Qb1 b5 19. Kh2 Qd8 20. Ne3 b4 21. Bh3 a4
22. Rg1 Ba6 23. Rde1 Nb5 24. g4 Bxh4 25. g5 Bxg5 26. Rxg5 hxg5 27. Rg1 Kf8 28.
Nxg5 Nxd4 29. Qd1 Ne2 30. Bxe6 d4 31. Nf5 Qa5 32. Nh7+ Ke8 33. f4 fxe6 34. Rxg7
exf5 35. Qe1 Rc7 36. Nf6+ Kf8 37. Rg5 Rg7 38. Qh4 Rxg5 39. Qxg5 Qd8 40. Qg8+ Ke7
41. Qh7+ Ke6 42. Ng8 Qxg8 43. Qh6+ Kd5 44. Qd6+ Ke4 45. Qc6+ Ke3 0-1

[Event "Tata Steel Top Tienkamp"]
[Site "Wijk aan Zee NED"]
[Date "2026.01.31"]
[Round "8.5"]
[White "Tudor, Henry Edward"]
[Black "Lohia, Sohum"]
[Result "1/2-1/2"]
[WhiteTitle "IM"]
[BlackTitle "IM"]
[WhiteElo "2434"]
[BlackElo "2410"]
[WhiteFideId "2409836"]
[BlackFideId "5819369"]
[EventDate "2026.01.23"]

1. d4 d5 2. c4 e6 3. Nc3 Nf6 4. Bg5 Be7 5. e3 Nbd7 6. Nf3 h6 7. Bf4 c6 8. c5 Ne4
9. Nxe4 dxe4 10. Ne5 Qa5+ 11. Qd2 Qxd2+ 12. Kxd2 Nxe5 13. Bxe5 f6 14. Bg3 e5 15.
Bc4 Bg4 16. b4 Kd7 17. dxe5 Be6 18. Bxe6+ Kxe6 19. exf6 Bxf6 20. Rac1 a5 21. Rc4
Kd5 22. Rhc1 axb4 23. Rxb4 Rxa2+ 24. Ke1 Ra1 25. Rxa1 Bc3+ 26. Ke2 Bxb4 27. Ra7
Kxc5 28. Rxb7 Rd8 29. f3 Rd2+ 30. Kf1 Rd1+ 31. Ke2 Rd2+ 32. Kf1 Rd1+ 1/2-1/2

[Event "Tata Steel Top Tienkamp"]
[Site "Wijk aan Zee NED"]
[Date "2026.02.01"]
[Round "9.1"]
[White "Carow, Johannes"]
[Black "Elgersma, Onno"]
[Result "1-0"]
[WhiteTitle "IM"]
[BlackTitle "FM"]
[WhiteElo "2469"]
[BlackElo "2369"]
[WhiteFideId "24692050"]
[BlackFideId "1053531"]
[EventDate "2026.01.23"]

1. d4 d5 2. c4 e6 3. Nc3 Nf6 4. cxd5 exd5 5. Bg5 c6 6. e3 h6 7. Bh4 Be7 8. Bd3
O-O 9. f3 Re8 10. Nge2 Nbd7 11. a4 a5 12. Bf2 Nb8 13. Qd2 Na6 14. Rd1 Nb4 15.
Bb1 b6 16. O-O Ba6 17. e4 dxe4 18. fxe4 Ng4 19. Qf4 Qd7 20. e5 Bg5 21. Qf3 Nxf2
22. Rxf2 Bc4 23. g3 Nd5 24. Nxd5 Bxd5 25. Qd3 g6 26. h4 Be7 27. Nf4 Bf8 28. h5
Qg4 29. hxg6 fxg6 30. Nxd5 cxd5 31. Rf4 Qh5 32. Rf6 Bg7 33. Rxg6 Ra7 34. Rxb6
Rf7 35. Ba2 Kh8 36. Bxd5 Rff8 37. Kg2 Rd8 38. Rh1 Qg5 39. Rg6 Qf5 40. Qxf5 Rxf5
41. Be6 Rff8 42. Rg4 Rb8 43. b3 Rb4 44. Bc4 1-0

[Event "Tata Steel Top Tienkamp"]
[Site "Wijk aan Zee NED"]
[Date "2026.02.01"]
[Round "9.2"]
[White "Hrbek, Stepan"]
[Black "Tudor, Henry Edward"]
[Result "0-1"]
[WhiteTitle "IM"]
[BlackTitle "IM"]
[WhiteElo "2454"]
[BlackElo "2434"]
[WhiteFideId "393479"]
[BlackFideId "2409836"]
[EventDate "2026.01.23"]

1. d4 Nf6 2. c4 e6 3. Nf3 d5 4. Nc3 Bb4 5. Bg5 Nbd7 6. e3 c5 7. cxd5 exd5 8. Bd3
Qa5 9. Qc2 c4 10. Bf5 O-O 11. O-O Re8 12. Nd2 h6 13. Bh4 Qa6 14. a4 Qc6 15. Qb1
g6 16. Bxg6 Bxc3 17. bxc3 fxg6 18. Qxg6+ Kh8 19. Qxh6+ Nh7 20. Qh5 Re6 21. Bg3
Rh6 22. Qe2 Ndf6 23. Be5 Bf5 24. e4 Bxe4 25. Nxe4 dxe4 26. f3 exf3 27. Rxf3 Rg6
28. Raf1 Kg8 29. h4 Rf8 30. h5 Nxh5 31. Rxf8+ Nxf8 32. Qf2 Qe8 33. Qe2 Ng3 34.
Qxc4+ Qe6 35. Qxe6+ Nxe6 36. Re1 Nf5 37. Rb1 b6 38. a5 bxa5 39. Rb7 Ne3 40. Kf2
Ng4+ 41. Kf3 Nxe5+ 42. dxe5 a6 43. Ke3 Rg3+ 44. Kd2 Rxg2+ 45. Kc1 a4 46. Rb8+
Kf7 47. Rc8 Re2 48. Rc6 a5 49. Rc4 Rxe5 50. Rxa4 Nc5 51. Ra2 Ke6 52. Rh2 Kd5 53.
Kb2 Kc4 54. Rh4+ Kb5 55. Rh3 Rg5 56. Rf3 Na4+ 57. Kb3 Nb6 58. Rf2 a4+ 59. Ka3
Nc4+ 60. Ka2 Rd5 61. Rf7 Rd2+ 62. Kb1 Na3+ 63. Ka1 Nc2+ 64. Kb1 Kc4 65. Kc1 Rh2
66. Kb2 Nb4+ 67. Ka1 Kb3 68. Rf1 Ra2+ 0-1

[Event "Tata Steel Top Tienkamp"]
[Site "Wijk aan Zee NED"]
[Date "2026.02.01"]
[Round "9.3"]
[White "Lohia, Sohum"]
[Black "Beukema, Stefan"]
[Result "1-0"]
[WhiteTitle "IM"]
[BlackTitle "IM"]
[WhiteElo "2410"]
[BlackElo "2394"]
[WhiteFideId "5819369"]
[BlackFideId "1024523"]
[EventDate "2026.01.23"]

1. e4 e5 2. Nf3 Nc6 3. Bb5 a6 4. Ba4 Nf6 5. O-O d6 6. Re1 Bd7 7. c3 g6 8. d4 Bg7
9. h3 O-O 10. Bc2 Nh5 11. Be3 Qe8 12. Nbd2 f5 13. exf5 gxf5 14. dxe5 dxe5 15.
Bc5 Rf6 16. Nxe5 Nxe5 17. Bd4 Rg6 18. Bb3+ Kh8 19. Bxe5 Bxe5 20. Nf3 Rxg2+ 21.
Kxg2 Nf4+ 22. Kf1 Bb5+ 23. c4 Rd8 24. Nxe5 Rxd1 25. Raxd1 Qh5 26. Re3 Bc6 27.
Nxc6 bxc6 28. Rd7 Kg8 29. Bd1 1-0